[Event "Olympiad"]
[Site "Bled SLO"]
[Date "2002.11.06"]
[Round "11"]
[White "Ivanchuk,V"]
[Black "Xu Jun"]
[Result "1/2-1/2"]
[WhiteElo "2709"]
[BlackElo "2643"]

1.Nf3 d5 2.g3 c6 3.Bg2 Bf5 4.O-O e6 5.d3 h6 6.c4 dxc4 7.dxc4 Qxd1 8.Rxd1 Nf6
9.Nc3 Bc2 10.Re1 Bh7 11.a3 Nbd7 12.b4 Be7 13.c5 a5 14.Bb2 O-O 15.Nd2 Nd5
16.Nxd5 exd5 17.e4 dxe4 18.Nxe4 axb4 19.axb4 Rxa1 20.Rxa1 Rd8 21.Rd1 Bf5
22.h4 Be6 23.Kh2 b6 24.cxb6 Nxb6 25.Rxd8+ Bxd8 26.Bd4  1/2-1/2

[Event "FSIM Nov"]
[Site "Budapest HUN"]
[Date "2002.11.06"]
[Round "5"]
[White "Fucak,E"]
[Black "Lengyel,B"]
[Result "1/2-1/2"]
[WhiteElo "2322"]
[BlackElo "2338"]

1.Nf3 d5 2.g3 Nf6 3.Bg2 Bf5 4.c4 e6 5.O-O c6 6.d3 h6 7.Be3 Ng4 8.Bd2 Nd7
9.cxd5 cxd5 10.Nc3 Bc5 11.e4 dxe4 12.dxe4 Bh7 13.h3 Nge5 14.Bf4 Nxf3+ 15.Qxf3 O-O
16.Rad1 Qe7 17.Rd2 Nb6 18.Rfd1 Rfd8  1/2-1/2

[Event "Olympiad"]
[Site "Bled SLO"]
[Date "2002.11.07"]
[Round "12"]
[White "Holmsten,A"]
[Black "Pavasovic,D"]
[Result "1/2-1/2"]
[WhiteElo "2410"]
[BlackElo "2581"]

1.Nf3 d5 2.g3 Bg4 3.Bg2 Nd7 4.d4 e6 5.O-O Bd6 6.c4 c6 7.b3 Ne7 8.Bb2 O-O
9.Nbd2 f5 10.Ng5 Rf6 11.f4 h6 12.Ngf3 Rf8 13.Qc1 Nf6 14.Ba3 Ne4 15.Bxd6 Qxd6
16.c5 Qd8 17.e3 Nxd2 18.Qxd2 Bxf3 19.Bxf3 g5 20.b4 g4 21.Be2 Qe8 22.Rfb1 a6
23.a4 h5 24.b5 axb5 25.axb5 Qf7 26.Ra5 h4 27.Qa2 Rab8 28.bxc6 bxc6 29.Ra7 hxg3
30.hxg3 Kg7 31.Rbb7 Rxb7 32.Rxb7 Kf6  1/2-1/2

[Event "Olympiad"]
[Site "Bled SLO"]
[Date "2002.11.07"]
[Round "12"]
[White "Markowski,T"]
[Black "Hebert,J"]
[Result "1-0"]
[WhiteElo "2549"]
[BlackElo "2425"]

1.g3 d5 2.Nf3 Nf6 3.Bg2 c6 4.O-O Bg4 5.d3 Nbd7 6.c4 dxc4 7.dxc4 e5 8.Nc3 Bc5
9.Na4 Be7 10.Be3 O-O 11.Qc2 Bh5 12.h3 Bg6 13.Qb3 Qc7 14.Nh4 Be4 15.Bxe4 Nxe4
16.Nf5 Rfe8 17.Nxe7+ Rxe7 18.Rad1 b6 19.Nc3 Ndc5 20.Qc2 Nxc3 21.Qxc3 Ne6
22.c5 Rae8 23.Rfe1 bxc5 24.Bxc5 Rd7 25.Be3 f6 26.Rc1 Rc8 27.Qb3 Kf7 28.Rc4 Qa5
29.Rec1 Qa6 30.a4 g6 31.Qa2 Kg7 32.b4 Rcc7 33.Qc2 Qb7 34.Qe4 Nd8 35.Kh2 c5
36.Qxb7 Nxb7 37.Kg2 Kf7 38.Bxc5 Nxc5 39.Rxc5 Rxc5 40.Rxc5 h5 41.b5 g5 42.Kf3 Ke6
43.Rc6+ Kf5 44.g4+ hxg4+ 45.hxg4+ Kg6 46.e3 Rd2 47.Rc7 a6 48.b6 Ra2 49.b7 e4+
50.Kxe4 Rxa4+ 51.Kd5  1-0

[Event "Olympiad"]
[Site "Bled SLO"]
[Date "2002.11.08"]
[Round "13"]
[White "Radjabov,T"]
[Black "Gausel,E"]
[Result "1/2-1/2"]
[WhiteElo "2628"]
[BlackElo "2511"]

1.Nf3 d5 2.g3 c6 3.Bg2 Bg4 4.b3 Nd7 5.Bb2 e6 6.O-O Ngf6 7.d3 Bc5 8.Nbd2 O-O
9.e4 a5 10.a3 dxe4 11.dxe4 e5 12.h3 Bxf3 13.Qxf3 Re8 14.Rfd1 Qc7 15.Nc4 Rad8
16.Bc3 b6 17.Qf5 Ra8 18.g4 h6 19.Rd3 b5 20.Nxa5  1/2-1/2

[Event "Olympiad"]
[Site "Bled SLO"]
[Date "2002.11.08"]
[Round "13"]
[White "Markowski,T"]
[Black "Ivanisevic,I"]
[Result "1-0"]
[WhiteElo "2549"]
[BlackElo "2537"]

1.g3 d5 2.Nf3 g6 3.c4 d4 4.Bg2 Bg7 5.O-O e5 6.e3 dxe3 7.dxe3 Nd7 8.Nc3 Ngf6
9.b3 O-O 10.Ba3 Re8 11.Qc2 Nf8 12.Rad1 Bd7 13.h3 h6 14.Kh2 N8h7 15.e4 Bf8
16.Bxf8 Nxf8 17.c5 Qe7 18.Nd5 Nxd5 19.exd5 Qf6 20.Rfe1 Re7 21.Qc3 Rae8 22.Nd2 Qg7
23.Nc4 e4 24.Qxg7+ Kxg7 25.d6 Re6 26.dxc7 Rc8 27.Rxe4 Rxc7 28.b4 Ra6 29.Rd2 Ra4
30.Nd6 b6 31.Re7 Rxb4 32.Ne8+ Bxe8 33.Rxc7 Ne6 34.Rc8 Bb5 35.cxb6 axb6 36.Rcc2 Bc4
37.Rb2 Ra4 38.Bd5 b5 39.Bc6 Ra5 40.Rbc2 Ra4 41.Bd5 Bxd5 42.Rxd5 Nd4 43.Rb2 Kf6
44.Kg2 Ke6 45.Rd8 h5 46.Rd2 Nf5 47.Re8+ Kf6 48.Rb8 Ra5 49.Rb7 Ke6 50.Rb6+ Ke7
51.Re2+ Kf8 52.Rb8+ Kg7 53.Rd8 Ra3 54.Rd5 b4 55.Rb2 Kf6 56.Rb5 h4 57.g4 Ne7
58.Rb6+ Kg7 59.R6xb4 g5 60.R4b3 Ra4 61.Rb5 Kf6 62.Rd2 Ra6 63.Re2 Nc6 64.Reb2 Ra3
65.Rb6 Rc3 66.a4 Kg7 67.R2b5 f6 68.Rb7+ Kg6 69.Rc7  1-0

[Event "FSIM Nov"]
[Site "Budapest HUN"]
[Date "2002.11.08"]
[Round "7"]
[White "Bogza,A"]
[Black "Lengyel,B"]
[Result "0-1"]
[WhiteElo "2270"]
[BlackElo "2338"]

1.Nf3 d5 2.g3 Nf6 3.Bg2 Bf5 4.d3 e6 5.O-O Bc5 6.c4 c6 7.Qc2 Nbd7 8.h3 h6
9.b3 O-O 10.Bb2 a5 11.a3 Bh7 12.Bc3 Qe7 13.Qb2 Rfe8 14.Nbd2 e5 15.b4 d4 16.bxc5 dxc3
17.Qxc3 Nxc5 18.Ne1 e4 19.d4 Na4 20.Qe3 b5 21.Nc2 bxc4 22.Nxc4 Nd5 23.Qd2 Nac3
24.N2e3 c5 25.dxc5 Qxc5 26.Rfc1 Nxe3 27.Nxe3 Rac8 28.Kh2 Red8 29.Qb2 Qb5
30.Qxb5 Nxb5 31.h4 Kf8 32.Bh3 Rb8 33.Rc5 a4 34.Rc4 Ra8 35.Kg2 Ra7 36.Rc5 Nc7
37.Rac1 Ne8 38.Nd5 g5 39.hxg5 hxg5 40.Ne3 f6 41.R1c4 Kf7 42.Rb4 Ng7 43.Rbc4 Ne6
44.Rc6 Nd4 45.Rc7+ Rxc7 46.Rxc7+ Kg6 47.Bd7 f5 48.g4 fxg4 49.Bxg4 Bg8 50.Ra7 Bb3
51.Ra6+ Kf7 52.Bh5+ Ke7 53.Ra7+ Kd6 54.Ra6+ Kc5 55.Bg6 Nb5 56.Bxe4 Nxa3 57.Rg6 Rg8
58.Rc6+ Kb5 59.Rc7 Kb6 60.Rc6+ Kb5 61.Rc7 Rd8 62.Rg7 Rg8 63.Rc7 Kb4 64.Kg3 Nb5
65.Rb7 Rc8 66.Bd3 Rc5 67.Rb8 a3 68.Ra8 a2 69.Nc2+ Rxc2 70.Bxc2 Na3 71.Rb8+ Kc5
72.Rc8+ Kb6 73.Rc3 a1=Q 74.Rxb3+ Kc5 75.Bd3 Qe5+  0-1

[Event "Olympiad w"]
[Site "Bled SLO"]
[Date "2002.11.10"]
[Round "14"]
[White "Foisor,C"]
[Black "Macek,V"]
[Result "1-0"]
[WhiteElo "2408"]
[BlackElo "2222"]

1.Nf3 d5 2.g3 c6 3.Bg2 Bg4 4.d3 Nd7 5.Nbd2 e5 6.e4 Ngf6 7.h3 Bh5 8.O-O Bd6
9.Qe2 O-O 10.Rd1 Re8 11.Nf1 Qc7 12.g4 Bg6 13.Nh4 dxe4 14.dxe4 Nc5 15.Ng3 Bf8
16.g5 Nfd7 17.Nhf5 Ne6 18.h4 Nf4 19.Qg4 Nc5 20.h5 Bxf5 21.exf5 Nxg2 22.Kxg2 Rad8
23.Be3 b6 24.g6 Rd5 25.gxh7+ Kh8 26.h6 f6 27.Nh5 Qf7 28.c4 Rdd8 29.Rh1 Rd7
30.b3 Red8 31.Rh3 Nd3 32.Rah1 Nb4 33.Rg3 Nc2 34.hxg7+ Bxg7 35.Qe4 Nxe3+ 36.Qxe3 Qf8
37.Rh4 Rf7 38.Rhg4 Rdd7 39.Rg6 c5 40.Qf3 Qd8 41.Qc6 Qc7 42.Qxc7 Rxc7 43.Nxg7 Rxg7
44.Rxf6 Kxh7 45.Re6 Rce7 46.Rxg7+ Rxg7+ 47.Kf3 Rd7 48.Rxe5 Kg7 49.Rd5 Re7
50.Rd6 Kf7 51.Rh6 Re5 52.Kf4 Re2 53.Kg5 Rxa2 54.Rh7+ Ke8 55.f4 a5 56.Rb7 a4
57.Rxb6 Rb2 58.Re6+ Kf7 59.bxa4 Rb4 60.Re4 Rxa4 61.f6 Rb4 62.Kf5 Ra4 63.Re7+ Kf8
64.Kg6 Rxc4 65.Ra7  1-0

[Event "FSGM Nov"]
[Site "Budapest HUN"]
[Date "2002.11.11"]
[Round "10"]
[White "Kahn,E"]
[Black "Horvath,P1"]
[Result "0-1"]
[WhiteElo "2355"]
[BlackElo "2482"]

1.Nf3 d5 2.g3 c5 3.Bg2 g6 4.d3 Bg7 5.O-O Nf6 6.Nbd2 O-O 7.e4 Nc6 8.c3 dxe4
9.dxe4 h6 10.h3 Be6 11.Qe2 Qa5 12.Nh4 Nh5 13.Re1 Rad8 14.Nf1 Ne5 15.Ne3 Nd3
16.Rd1 Nxc1 17.Rdxc1 Qa6 18.Qxa6 bxa6 19.Nd5 Rd7 20.Re1 Rb8 21.Re2 Kf8 22.Rc1 c4
23.Ne3 Rbd8 24.Kh2 Rd3 25.Rcc2 a5 26.Bf1 Nf6 27.f3 Ne8 28.Nhg2 R3d7 29.Nf4 Nc7
30.Nxe6+ Nxe6 31.Nxc4 a4 32.a3 Nc5 33.Red2 Nb3 34.Rxd7 Rxd7 35.Ne3 Rd6 36.Bb5 Nc5
37.Kg2 e6 38.Kf2 g5 39.Ke1 Rd8 40.Be2 Be5 41.Kf2 Nb3 42.Bb5 Nc5 43.Be2 Nb3
44.Nc4 Bc7 45.e5 Rd5 46.f4 gxf4 47.gxf4 f6 48.Bg4 Ke7 49.exf6+ Kxf6 50.Re2 Nc5
51.Ne3 Nd3+ 52.Kf3 Rb5 53.Nc2 Nxf4 54.Re4 Rxb2 55.Nd4 e5 56.Nc6 h5 57.Bc8 Rd2
58.Nb4 a5 59.Na6 Bb6 60.Re1 Rd3+ 61.Ke4 Rxc3 62.Bb7 Rc4+ 63.Kf3 Rc3+ 64.Ke4 Ke6
65.Nb8 Rc4+ 66.Kf3 Rc3+ 67.Ke4 Nd3 68.Bd5+ Kd6 69.Rb1 Nc5+ 70.Kf5 Kxd5 71.Rxb6 Rf3+
72.Kg5 Rb3  0-1

[Event "It"]
[Site "Torino ITA"]
[Date "2002.11.16"]
[Round "1"]
[White "Lazic,Mi"]
[Black "Blauert,J"]
[Result "1-0"]
[WhiteElo "2461"]
[BlackElo "2418"]

1.Nf3 d5 2.g3 Nf6 3.Bg2 c5 4.O-O Nc6 5.d3 g6 6.c3 Bg7 7.Qa4 O-O 8.Qh4 e5
9.Bg5 Qd6 10.Bh6 Ne7 11.e4 dxe4 12.dxe4 Ng4 13.Bxg7 Kxg7 14.Na3 Nc6 15.Nc4 Qc7
16.h3 Be6 17.Nfd2 Nh6 18.Ne3 Qe7 19.Qxe7 Nxe7 20.Ndc4 Bxc4 21.Nxc4 f6 22.Rfd1 Rfd8
23.Na5 b6 24.Nb7 Rxd1+ 25.Rxd1 Kf8 26.Bf1 Nf7 27.Rd7 Ng5 28.Nd6 Nf7 29.Nxf7 Kxf7
30.Bc4+ Ke8 31.Rd6 f5 32.Re6 Kd7 33.exf5 Nxf5 34.Rxe5 Nd6 35.Be6+ Kc7 36.Bd5 Re8
37.Rxe8 Nxe8 38.f4 Kd6 39.Bf3 h6 40.Kf2 Nf6 41.Ke3  1-0

[Event "WYb14"]
[Site "Heraklio GRE"]
[Date "2002.11.17"]
[Round "4"]
[White "Lenic,L"]
[Black "Bluvshtein,M"]
[Result "1/2-1/2"]
[WhiteElo "2257"]
[BlackElo "2449"]

1.Nf3 d5 2.g3 Nf6 3.Bg2 c5 4.O-O Nc6 5.d3 e5 6.e4 d4 7.a4 Be7 8.Na3 Be6 9.h3 Nd7
10.Nd2 O-O 11.f4 exf4 12.gxf4 f5 13.Nac4 Nb6 14.b3 fxe4 15.Nxe4 Qd7 16.Qh5 Rf5
17.Qe2 Raf8 18.Nxb6 axb6 19.Bd2 Bh4 20.Ng5 Bxg5 21.fxg5 Bd5 22.Rxf5 Rxf5
23.Rf1 Rxf1+  1/2-1/2

[Event "Bundesliga 2002-3"]
[Site "Kreuzberg GER"]
[Date "2002.11.17"]
[Round "4"]
[White "Appel,R"]
[Black "Lau,R"]
[Result "1-0"]
[WhiteElo "2503"]
[BlackElo "2491"]

1.Nf3 d5 2.g3 g6 3.Bg2 Bg7 4.O-O e5 5.d3 Ne7 6.e4 O-O 7.exd5 Nxd5 8.Re1 Nc6
9.Nbd2 Nb6 10.Ne4 h6 11.a4 a5 12.Bd2 Kh7 13.Be3 Nd5 14.Bc5 Re8 15.c3 f5 16.Ned2 Be6
17.Qc2 Qd7 18.Nc4 Bf7 19.Rad1 b6 20.Ba3 Rad8 21.Qb3 g5 22.Qb5 Re6 23.Rd2 Bh5
24.Ne3 Nxe3 25.Rxe3 Bg6 26.Re1 Bf6 27.Rdd1 Qe8 28.Nd2 Nb8 29.Qc4 Qd7 30.d4 Bf7
31.d5 Ree8 32.Nf1 Bg6 33.d6 c5 34.Ne3 e4 35.Nd5 Qxd6 36.g4 Bg7 37.gxf5 Bxf5
38.Ne3 Qe6 39.Qxe6 Bxe6 40.Bxe4+ Kg8 41.Bg6 Rf8 42.Rxd8 Rxd8 43.Nf5 Bf7 44.Re7 Rf8
45.Rb7 Nc6 46.Bxf7+ Rxf7 47.Rxb6 Rxf5 48.Rxc6 Rf4 49.Rxc5 Rxa4 50.c4 Kf7
51.Kf1 Ke6 52.Rc6+ Kd7 53.Rc5 Ke6 54.Rc6+ Kd7 55.Rd6+ Kc8 56.Rc6+ Kb7 57.Rc5 Bd4
58.Rd5 Bb6 59.Rd7+ Bc7 60.Rd4 Bb6 61.Re4 Kc6 62.Re6+ Kb7 63.c5 Bc7 64.Rxh6 g4
65.Kg2 Rc4 66.Re6 a4 67.h3 gxh3+ 68.Kxh3 Kc8 69.f3 Kd7 70.Rg6 Be5 71.Rg4 Rc2
72.Rxa4 Bxb2 73.Bxb2 Rxb2 74.Re4 Rb8 75.Re5 Rg8 76.f4 Rg1 77.Kh4 Rg2 78.Kh5 Rg1
79.f5 Rh1+ 80.Kg6 Rg1+ 81.Kf7 Ra1 82.Re6 Ra6 83.c6+ Kc7 84.f6 Ra8 85.Ke7  1-0

[Event "WYg14"]
[Site "Heraklio GRE"]
[Date "2002.11.19"]
[Round "6"]
[White "Nebolsina,V"]
[Black "Ross,L"]
[Result "1-0"]
[WhiteElo "2040"]
[BlackElo "2096"]

1.Nf3 d5 2.g3 Nf6 3.Bg2 Bg4 4.Ne5 Bh5 5.c4 c6 6.Qb3 Qc7 7.d4 e6 8.Bf4 Qc8
9.Nc3 Nbd7 10.Rc1 Nxe5 11.Bxe5 dxc4 12.Qxc4 Be7 13.Bxf6 Bxf6 14.Qc5 Bg6 15.Nb5 Be7
16.Nd6+ Bxd6 17.Qxd6 Qd7 18.Qc5 Qc7 19.O-O Qb6 20.Qa3 Qb5 21.Rc5 Qb6 22.Rc3 O-O-O
23.e3 Kb8 24.Bxc6 Rc8 25.Bg2 Rxc3 26.bxc3 Rc8 27.Rc1 Bd3 28.Qb3 Qa6 29.Qb4 Qb5
30.Qxb5 Bxb5 31.Bf1 Bc4 32.Bxc4 Rxc4 33.Kf1 Kc7 34.Ke2 b5 35.Kd3 Ra4 36.Rc2 Kb6
37.e4 Ra3 38.Kd2 a5 39.Kc1 Ra4 40.f4 Rc4 41.Kd2 Ra4 42.g4 b4 43.c4 Ra3 44.c5+ Kc6
45.d5+ exd5 46.exd5+ Kxd5 47.c6 Rc3 48.c7  1-0

[Event "It"]
[Site "Torino ITA"]
[Date "2002.11.20"]
[Round "5"]
[White "Mukic,J"]
[Black "Sedina,E"]
[Result "0-1"]
[WhiteElo "2365"]
[BlackElo "2428"]

1.Nf3 d5 2.g3 c6 3.Bg2 Bg4 4.O-O Nd7 5.d3 e6 6.b3 Ngf6 7.Bb2 Bd6 8.c4 O-O
9.Nbd2 Qe7 10.h3 Bh5 11.Rc1 Ba3 12.Qc2 h6 13.Bxa3 Qxa3 14.cxd5 exd5 15.g4 Bg6
16.Nh4 Bh7 17.f4 Qe7 18.Rf2 Nxg4 19.hxg4 Qxh4 20.Bf3 Qg3+ 21.Kf1 Qxf4 22.Bxd5 Qxg4
23.Bf3 Qe6 24.Rg2 Rfe8 25.Kg1 Ne5 26.Kh1 Rad8 27.Rcg1 Bg6 28.Be4 Bxe4 29.Nxe4 Ng6
30.Nc5 Qd5 31.Ne4 Re5  0-1

[Event "WYb12"]
[Site "Heraklio GRE"]
[Date "2002.11.21"]
[Round "7"]
[White "Lakhey,S"]
[Black "Matlakov,M"]
[Result "1/2-1/2"]
[WhiteElo "2007"]
[BlackElo "2312"]

1.Nf3 d5 2.g3 Bg4 3.Bg2 c6 4.d3 Nd7 5.Nbd2 Ngf6 6.O-O e6 7.h3 Bh5 8.c3 Be7
9.Qc2 O-O 10.g4 Bg6 11.Nh4 e5 12.Nxg6 hxg6 13.e3 Bd6 14.e4 Qe7 15.d4 exd4
16.cxd4 dxe4 17.Nxe4 Nxe4 18.Bxe4 Bc7 19.Rd1 Qd6 20.Bg2 Rfe8 21.Bg5 Nb6 22.Qc5 Qh2+
23.Kf1 Bd6 24.Qc3 Bf4 25.Bxf4 Qxf4 26.Re1 Rad8 27.Rxe8+ Rxe8 28.Rd1 Qd6 29.b3 Rd8
30.Qa5 Nc8 31.Bf3 b6 32.Qa4 Ne7 33.Qc4 Qf6 34.Kg2 g5 35.Be4 Qd6 36.Qc1 Qf6
37.Qc4 Nd5 38.Bxd5 Rxd5 39.Qe2 Qd8 40.Rc1 Rxd4 41.Rxc6 Qd5+ 42.Qf3 Qxf3+
43.Kxf3 Rd2 44.a4 Rd3+ 45.Kg2 Rxb3 46.Rc8+ Kh7 47.Rc7 a5 48.Rxf7 Rb4 49.Rb7 Kg6
50.Kg3 Kf6 51.Rc7 Rxa4 52.Rc6+ Kf7 53.Rxb6 Ra3+ 54.Kg2 a4 55.Rb5 Kg6 56.Rb6+ Kh7
57.Rb5 Kh6 58.Rb6+ g6 59.Rb7  1/2-1/2

[Event "WYg14"]
[Site "Heraklio GRE"]
[Date "2002.11.21"]
[Round "8"]
[White "Nebolsina,V"]
[Black "Yildiz,B"]
[Result "0-1"]
[WhiteElo "2040"]
[BlackElo "2117"]

1.Nf3 d5 2.g3 g6 3.d4 Bg7 4.Bg2 c6 5.O-O Nf6 6.c4 O-O 7.cxd5 cxd5 8.Nc3 Nc6
9.Ne5 e6 10.Nxc6 bxc6 11.Bf4 Nd7 12.Na4 Re8 13.Rc1 Bb7 14.Qd2 Qe7 15.Rfd1 Rec8
16.Qa5 Bf8 17.Nc5 Nxc5 18.Rxc5 g5 19.Be3 Qf6 20.Rc3 Bd6 21.Rb3 Rc7 22.Rbd3 Qe7
23.Rc1 h6 24.a3 f5 25.Qd2 Rac8 26.b4 Ba6 27.Rdc3 Bc4 28.f3 a5 29.bxa5 Bxa3
30.Rxa3 Qxa3 31.h4 Rb7 32.Rc2 Rcb8 33.hxg5 Rb2 34.Bf4 Rxc2 35.Qxc2 Rb2 36.Qc1 Qb3
37.Kh2 Rxe2 38.a6 Qxf3  0-1

[Event "40th Ann Open"]
[Site "Curacao AHO"]
[Date "2002.11.23"]
[Round "5"]
[White "Grimm,Sa"]
[Black "Broehl,S"]
[Result "1-0"]
[WhiteElo "2372"]
[BlackElo "2223"]

1.Nf3 d5 2.g3 c6 3.Bg2 Bg4 4.b3 Nf6 5.Bb2 Nbd7 6.O-O e6 7.d3 a5 8.a3 Bc5
9.Nbd2 O-O 10.h3 Bh5 11.e4 b5 12.Qe2 Ne8 13.Kh1 Nc7 14.d4 Be7 15.g4 Bg6 16.Ne5 Nxe5
17.dxe5 f6 18.f4 fxe5 19.Bxe5 Bd6 20.Bxd6 Qxd6 21.f5 exf5 22.gxf5 Bf7 23.e5 Qh6
24.e6 Bh5 25.Qe5 Qxd2 26.Qxc7 Rac8 27.Qg3 Qd4 28.Rae1 Rce8 29.Qg5 g6 30.f6 Rc8
31.e7  1-0

[Event "Hotel Opatija GM Nov"]
[Site "Rijeka CRO"]
[Date "2002.11.23"]
[Round "2"]
[White "Vukic,M"]
[Black "Fercec,N"]
[Result "1/2-1/2"]
[WhiteElo "2516"]
[BlackElo "2504"]

1.Nf3 d5 2.g3 c5 3.Bg2 Nc6 4.c4 d4 5.O-O e5 6.d3 f6 7.e3 dxe3 8.fxe3 Bg4
9.Nc3 Qd7 10.e4 h5 11.Qd2 Bxf3 12.Bxf3 Nd4 13.Qd1 O-O-O 14.Nd5 Kb8 15.Be3 h4
16.g4 h3 17.Kh1 Ne7 18.Rg1 Ng6 19.g5 Nh4 20.Bxd4 exd4 21.gxf6 gxf6 22.Bg4 Qd6
23.Qf1 Qe5 24.Rg3 Bd6 25.Qf2 Qg5 26.Rgg1 Qe5 27.Rg3 Qg5 28.Rgg1 Qe5  1/2-1/2

[Event "WYb18"]
[Site "Heraklio GRE"]
[Date "2002.11.24"]
[Round "11"]
[White "Mamedyarov,S"]
[Black "Zhigalko,A"]
[Result "1-0"]
[WhiteElo "2580"]
[BlackElo "2446"]

1.Nf3 d5 2.g3 Nf6 3.Bg2 g6 4.c4 Bg7 5.O-O O-O 6.cxd5 Nxd5 7.d4 c5 8.e4 Nf6
9.e5 Nd5 10.dxc5 Na6 11.a3 Nxc5 12.b4 Ne6 13.Qb3 Nb6 14.Rd1 Qc7 15.Nc3 Bd7
16.a4 Bc6 17.Be3 Rfd8 18.a5 Nd7 19.Nd5 Bxd5 20.Rxd5 Nxe5 21.Nxe5 Rxd5 22.Qxd5 Rd8
23.Qxb7 Qxe5 24.Rc1 Nd4 25.Qc7 Ne2+ 26.Kf1 Qxc7 27.Rxc7 Nc3 28.Bc6 a6 29.Ra7 Na2
30.Bc5 Bd4 31.Ra8 Rxa8 32.Bxa8 Bxc5 33.bxc5 Kf8 34.Bb7 Ke8 35.Bxa6  1-0

[Event "ch-CRO w"]
[Site "Zagreb CRO"]
[Date "2002.11.24"]
[Round "1"]
[White "Djeno,S"]
[Black "Medic,Mir"]
[Result "1/2-1/2"]
[WhiteElo "2060"]
[BlackElo "2288"]

1.Nf3 d5 2.g3 Nf6 3.Bg2 c6 4.O-O Bg4 5.h3 Bxf3 6.exf3 e6 7.d3 Be7 8.f4 Nbd7
9.Nd2 O-O 10.Nf3 Qc7 11.Qe2 Rfe8 12.Ne5 Bf8 13.Bd2 a5 14.a3 Nc5 15.b4 axb4
16.axb4 Ncd7 17.c4 Rec8 18.Bc3 Qd8 19.Qb2 Rxa1 20.Rxa1 Ra8 21.Rxa8 Qxa8 22.b5 h6
23.Kh2 Nxe5 24.Bxe5 Nd7 25.Bd4 Qa4 26.bxc6 bxc6 27.Qc3 Qd1 28.cxd5 cxd5 29.f5 Qa4
30.fxe6 fxe6 31.Bf3 Kf7 32.Be3 Nf6 33.Qc7+ Qd7 34.Qf4 Bd6 35.Qd4 Bc7 36.Qc5 e5
37.Bc1 Kg8 38.Ba3 Kh7 39.Bb2 Bd6 40.Qe3 Qe7 41.Bxd5 Nxd5 42.Qe4+ Kh8 43.Qxd5 Qf8
44.Kg2 Qb8 45.Bc1 Qc7 46.Be3 Qe7 47.Qa8+ Kh7 48.Qe4+ Kg8 49.Bc1 Qc7 50.Bb2 Qb8
51.Bc1 Kh8 52.Be3 Qc7 53.h4 Qf7 54.Qa8+ Kh7 55.Qf3 Qe8 56.Qe4+ Kh8 57.f4 Qb8
58.fxe5 Bxe5 59.Qf3 Bf6 60.Qe4 Be5 61.Bf2 Qc7 62.d4 Bd6 63.Qe8+ Kh7 64.Qe4+ Kh8
65.Qf3 Qc4 66.Qe4 Qc7 67.Qf5 Qe7 68.d5 Qc7 69.Qg4 Qb7  1/2-1/2

[Event "74th ch-GER"]
[Site "Saarbruecken GER"]
[Date "2002.11.25"]
[Round "4"]
[White "Schulz,Kar"]
[Black "Luther,T"]
[Result "0-1"]
[WhiteElo "2321"]
[BlackElo "2538"]

1.Nf3 d5 2.g3 c6 3.Bg2 Bg4 4.O-O Nd7 5.d4 e6 6.Nbd2 Ngf6 7.Re1 Be7 8.e4 O-O
9.c3 Bh5 10.Qb3 Rb8 11.c4 Nxe4 12.Nxe4 dxe4 13.Rxe4 Bxf3 14.Bxf3 Bg5 15.Bxg5 Qxg5
16.Qc3 Rfc8 17.Rd1 Qd8 18.Re2 Nf6 19.Qa3 a6 20.Red2 Qf8 21.Qe3 Re8 22.Qc3 Qd6
23.Re2 Rbd8 24.Ree1 Re7 25.Kg2 Red7 26.Kg1 Qc7 27.Kg2 Rd6 28.Kg1 h6 29.Kg2 Qb8
30.Re5 R6d7 31.h4 Rd6 32.b3 R8d7 33.Re2 Qd8 34.Red2 e5 35.c5 Rxd4 36.Rxd4 exd4
37.Qd3 Qa5 38.Qc2 Qc3 39.Qf5 d3 40.g4 g6 41.Qf4 Qd4 42.Kg3 Kg7 43.Qxd4 Rxd4
44.a3 Nd7  0-1

[Event "ch-ISR"]
[Site "Tel Aviv ISR"]
[Date "2002.11.28"]
[Round "4"]
[White "Bitansky,I"]
[Black "Kaganskiy,G"]
[Result "1/2-1/2"]
[WhiteElo "2370"]
[BlackElo "2315"]

1.Nf3 d5 2.g3 Nf6 3.Bg2 c6 4.O-O Nbd7 5.d3 e5 6.c4 dxc4 7.dxc4 Bc5 8.Nc3 O-O
9.a3 a5 10.Rb1 Re8 11.b4 axb4 12.axb4 Bf8 13.b5 Qc7 14.Qc2 h6 15.Nd2 cxb5
16.Nxb5 Qb8 17.Nb3 Nc5 18.Be3 Nfd7 19.Bd5 Nxb3 20.Rxb3 Nc5 21.Rb2 Be6 22.Nc3 Bxd5
23.Nxd5 Ra5 24.Rfb1 Rc8 25.Qf5 Rc6 26.Bxc5 Raxc5 27.Rxb7 Qe8 28.Ne3 g6 29.Qd7 Qxd7
30.Rxd7 Rc7 31.Rxc7 Rxc7 32.Rb5 e4 33.g4 Bg7 34.Rb8+ Bf8 35.Re8 Re7 36.Rc8 Re5
37.Nd5 Kg7 38.Nb6 Rg5 39.h3 h5 40.Nd7 Bb4 41.Rb8 Ba3 42.Rb5 f5 43.f4 exf3
44.exf3 hxg4 45.fxg4 Be7 46.Kf2 fxg4 47.Rxg5 Bxg5 48.hxg4 Kf7 49.Kf3 Ke6
50.Nf8+ Kf7 51.Nd7 Ke6 52.Nc5+ Ke5 53.Ne4 Bc1 54.Nc3 Bg5 55.c5 Be7 56.c6 Kd6
57.Nd5 Bf8 58.c7 Kd7 59.Kf4 Bh6+ 60.Ke5 Bg7+ 61.Ke4 Bb2 62.Kf4 Bc1+ 63.Ke4 Bb2
64.Kf4 Bc1+ 65.Kf3 Bh6 66.Kg3 Bc1 67.Kh4 Bd2 68.Kh3 Bc1 69.Kg2 Bd2 70.Kf2 Bc1
71.Ke2 Bb2 72.Ke3 Be5 73.Kf3 Bb2 74.Ke4 Bc1 75.Kd4 Ba3 76.Kd3 Bb2 77.Kc4 Be5
78.Kc5 Bd6+ 79.Kb6 Bxc7+ 80.Nxc7 Kd6 81.Ne8+ Ke7 82.Kc5 Kxe8 83.g5 Ke7  1/2-1/2

[Event "Hotel Opatija GM Nov"]
[Site "Rijeka CRO"]
[Date "2002.11.29"]
[Round "9"]
[White "Vukic,M"]
[Black "Rukavina,J"]
[Result "1/2-1/2"]
[WhiteElo "2516"]
[BlackElo "2393"]

1.Nf3 d5 2.g3 c6 3.Bg2 Bg4 4.O-O e6 5.d4 Nd7 6.Nbd2 f5 7.c4 Bd6 8.Qb3 Rb8
9.cxd5 cxd5 10.Re1 Nh6 11.Qa4 a5 12.Qb5 Nf7 13.Nb3 b6 14.Bd2 O-O 15.Nc1 Nf6
16.Nd3 Ne4 17.Be3 Qe8 18.Qxe8 Rfxe8 19.Nfe5 Bh5 20.Rac1 Rbc8 21.Bxe4 fxe4
22.Nf4 g6 23.Nd7 Bxf4 24.Nf6+ Kf8 25.Bxf4 Rxc1 26.Rxc1 Ra8 27.g4 g5 28.Bg3 Bg6
29.Nd7+ Kg7 30.Nxb6 Ra6 31.Nd7 e3 32.fxe3 h5 33.gxh5 Bxh5 34.Kf2 Nh6 35.Rc7 Ng4+
36.Ke1 Nf6 37.Kd2 Kg6 38.Rc6 Ne4+ 39.Kd3 Rxc6 40.Ne5+ Kf5 41.Nxc6 a4 42.Ne5 Be8
43.Kc2 Bb5 44.Kd1 Bc4 45.a3 Bb5 46.Ke1 Bc4 47.Nd3 Bb3 48.Be5 Bc2 49.Nc1 g4
50.Bc7 Kf6 51.Ba5 e5 52.Bc7 exd4 53.exd4 Kf5 54.e3 Ke6 55.Ke2 Kd7 56.Bg3 Kc6
57.Be1 Kb5 58.Nd3 Bxd3+ 59.Kxd3 Nd6 60.e4 Nxe4 61.Bg3 Ng5 62.Ke3 Ne6 63.Kd3 Ng7
64.Kc3 Ne6 65.Be5 Ng5 66.b3 Ne4+ 67.Kc2 Ng5 68.bxa4+ Kxa4 69.Kd3 Kxa3 70.Ke3 Nh3
71.Ke2 Kb4 72.Kf1 Ng5 73.Kf2 Kc4 74.Kg3 Nf3 75.Kxg4 Nxh2+  1/2-1/2

[Event "ch-ISR"]
[Site "Tel Aviv ISR"]
[Date "2002.11.30"]
[Round "6"]
[White "Lederer,Y"]
[Black "Rot,Y"]
[Result "1-0"]
[WhiteElo "2272"]
[BlackElo "2125"]

1.Nf3 d5 2.g3 g6 3.Bg2 Bg7 4.O-O e5 5.d3 Ne7 6.e4 O-O 7.Nc3 Nbc6 8.Re1 d4
9.Ne2 f5 10.exf5 gxf5 11.c3 dxc3 12.bxc3 h6 13.d4 Kh7 14.Ba3 e4 15.Nd2 b5
16.Bc5 Bb7 17.Nf4 Qd7 18.Qh5 Kg8 19.Rab1 b4 20.Nc4 Ba6 21.d5 Bxc4 22.dxc6 Qe8
23.cxb4 Bxa2 24.Rbd1 Rf7 25.f3 Bb3 26.Rb1 Ba2 27.Rbd1 Bb3 28.Rb1 Ba2 29.Rbc1 e3
30.Rxe3 Qxc6 31.Ree1 Qf6 32.Nd3 Ng6 33.f4 c6 34.Ne5 Nxe5 35.Rxe5 Rd8 36.Qe2 Bd5
37.Be7 Qxe5 38.fxe5 Rxe7 39.Bxd5+ cxd5 40.Qh5 d4 41.Qxf5 Rxe5 42.Qg4 d3 43.Rc7 Rg5
44.Qe6+ Kh8 45.Rd7 Rf8 46.Rxd3 Re5 47.Qg4 Rg5 48.Qe2 Re5 49.Re3 Ref5 50.Re8 Bd4+
51.Kg2 Rf2+ 52.Qxf2  1-0

[Event "ch-CRO"]
[Site "Zagreb CRO"]
[Date "2002.11.30"]
[Round "8"]
[White "Pandurevic,M"]
[Black "Kapic,I"]
[Result "1-0"]
[WhiteElo "2256"]
[BlackElo "2215"]

1.Nf3 d5 2.g3 Bg4 3.Bg2 Nd7 4.d3 Ngf6 5.Nbd2 c6 6.h3 Bxf3 7.Nxf3 e6 8.O-O Qc7
9.c4 Bc5 10.cxd5 exd5 11.a3 a5 12.Bf4 Bd6 13.Bxd6 Qxd6 14.b4 axb4 15.axb4 O-O
16.Qb3 Nb6 17.Nd4 Nfd7 18.Ra5 Rfe8 19.Rfa1 Rab8 20.Qc3 Qf6 21.e3 Rec8 22.Rc1 Kf8
23.h4 Kg8 24.Bh3 Rd8 25.Nb3 Qe7 26.Qd4 h6 27.Ra7 Nc8 28.Ra2 Nd6 29.Bxd7 Qxd7
30.Qc5 Qf5 31.Rd2 Qg4 32.Nd4 g5 33.hxg5 hxg5 34.Kg2 b6 35.Qc2 c5 36.bxc5 bxc5
37.Qxc5 Rbc8 38.Qa3 Rxc1 39.Qxc1 Kg7 40.Qa1 f6 41.Qa5 Rh8 42.Qxd5 Qh3+ 43.Kg1 Nf7
44.Qg2 Qc8 45.Rd1 Ne5 46.Ra1 g4 47.Qe4 Rh5 48.Ra7+ Nf7 49.Ne6+ Kh6 50.Qf4+ Kg6
51.Qxg4+ Ng5 52.Nf4+ Kh6 53.Qxh5+  1-0

[Event "Winter Cup"]
[Site "Bucharest ROM"]
[Date "2002.12.01"]
[Round "1"]
[White "Marin,L"]
[Black "Manea,A"]
[Result "0-1"]
[WhiteElo "2181"]
[BlackElo "2307"]

1.g3 d5 2.Nf3 g6 3.Bg2 Bg7 4.c4 dxc4 5.Qa4+ c6 6.Qxc4 Nf6 7.O-O O-O 8.d4 Bf5
9.Bf4 Nbd7 10.Qc1 Rc8 11.Nc3 Nd5 12.Bh6 Nxc3 13.bxc3 Be4 14.Bxg7 Kxg7 15.Qf4 Bxf3
16.Bxf3 Qa5 17.Qd2 Rfd8 18.Qb2 b6 19.e4 c5 20.Bg4 Rc7 21.Rad1 Nf6 22.Bf3 cxd4
23.cxd4 Qc3 24.Qxc3 Rxc3 25.Kg2 Rc2 26.e5 Nd5 27.Ra1 Ne3+  0-1

[Event "TCh-CZE 2002-3"]
[Site "Czech Rep CZE"]
[Date "2002.12.01"]
[Round "4"]
[White "Stratil,L"]
[Black "Sosna,J"]
[Result "1/2-1/2"]
[WhiteElo "2356"]
[BlackElo "2408"]

1.Nf3 d5 2.g3 c6 3.Bg2 Bg4 4.d3 Nd7 5.Nbd2 e5 6.O-O Bc5 7.c4 Ne7 8.cxd5 Nxd5
9.Nc4 Qe7 10.a3 O-O 11.h3 Bh5 12.Qc2 Rfe8 13.e3 Rad8 14.b4 Bb6 15.Bb2 Bc7
16.Rfe1 Qe6 17.Ng5 Qe7  1/2-1/2

[Event "38th American Open"]
[Site "Los Angeles USA"]
[Date "2002.12.01"]
[Round "7"]
[White "Matikozian,A"]
[Black "Akobian,V"]
[Result "0-1"]
[WhiteElo "2420"]
[BlackElo "2514"]

1.Nf3 d5 2.g3 Nf6 3.Bg2 c6 4.O-O Bg4 5.d3 Nbd7 6.Nbd2 e5 7.e4 dxe4 8.dxe4 Qc7
9.h3 Bh5 10.g4 Bg6 11.Nh4 Nc5 12.Nf5 h5 13.Qf3 hxg4 14.hxg4 O-O-O 15.a4 Kb8
16.Re1 Ne6 17.Nb3 Nh7 18.Be3 Nhg5 19.Qe2 Nf4 20.Bxf4 exf4 21.f3 Bxf5 22.gxf5 Rd6
23.Rad1 Rdh6 24.Qd3 Bd6 25.a5 Bb4 26.c3 Bxa5 27.Qd7 Qb6+ 28.Nd4 Qxb2 29.Rb1 Rh1+  0-1